LEADER 01152nam a2200277 u 4500 001 000000033077 003 CaOOAMICUS 005 20070226112325.0 008 971028s1997 it u000 u eng u 035 $a10774524 040 $aIPA$bita 100 1 $aOnaulogho, Matthew,$cO.S.A.,$d1950-$0(OLS)http://pul/name/25895 245 14$aThe equality of mankind according to John Locke /$cMatthew Onaulogho. 260 $aRoma :$b[s.n.],$c1997. 300 $axiv, 283 p. ;$c24 cm 502 $aDiss. -- Pontificia Universitą gregoriana. 504 $aBibliografia: p. 263-283. 600 14$aLocke, John,$d1632-1704.$0(OLS)http://pul/subject/17381 710 2 $aPontificia Universitą Gregoriana.$0(OLS)http://pul/name/147 850 $aPUL 852 $aPUL$W1$xDP1 Tesi Pon. Univ. Gregoriana$y40$mTH PUG 4416$j45460$nBK-PRI$b $qTesi$B45460$CPULBib$Z2$F45460 $H $81 910 $aPontificia Universitas Gregoriana$9147 941 1 $a16 961 $aINV: 83683 996 $6245$aThe equality of mankind according to John Locke$9(OLS)http://pul/title/45564 996 $6260$aRoma :$b[s.n.]$9(OLS)http://pul/publisher/47958 LEADER 01507nam a2200349 a 4500 001 000000166712 003 CaOOAMICUS 005 20180314160009.0 008 180314s1971 it u000 u ita r 032 $aLibriCat 040 $aPUL$bita 041 1 $aita$hger 100 1 $aAdorno, Theodor Wiesengrund,$d1903-1969.$0(OLS)http://pul/name/506 240 10$aEinleitung in die Musiksoziologie. Zwolf theoretische Vorlesungen.$lItaliano.$0(OLS)http://pul/title/206461 245 10$aIntroduzione alla sociologia della musica / $cTheodor W. Adorno ; introduzione di Luigi Rognoni ; traduzione di Giacomo Manzoni . 260 $aTorino :$bEinaudi,$c©1971. 300 $axxi, 267 p. ; $c18 cm. 490 1 $aPiccola biblioteca Einaudi ;$v160 650 04$aSociologia.$0(OLS)http://pul/subject/2611 700 1 $aRognoni, Luigi,$d1913-1986.$0(OLS)http://pul/name/22807 700 1 $aManzoni, Giacomo.$0(OLS)http://pul/name/86457 830 0$aPiccola biblioteca Einaudi ;$v157.$0(OLS)http://pul/title/8551 850 $aPUL 852 $aPUL$W1$xDP1 Fondo Dalla Palma$y117$m1 C 56$j42005$qFondi$B194157$CPULBib$Z2$F194157 $HDal37 $81 941 1 $a1 960 $aSociology$92611 960 $aSociology$92611 960 $aScienze sociali$92611 960 $aScienze sociali$92611 996 $6245$aIntroduzione alla sociologia della musica / $9(OLS)http://pul/title/206460 996 $6260$aTorino :$bEinaudi$9(OLS)http://pul/publisher/48130